000 00527nam a22001817a 4500
999 _c195246
_d195246
005 20230314161407.0
010 _aENG-136377
020 _c350.00
_a9789394899421
035 _aEN-119909
037 _bDBAD/PUB
082 _a004
100 _aM Mohamed Sithik
245 _aDeployment of wireless sensor networks/
_cM. Mohamed at all
260 _aTamil Nadu
_bShanlax Publications
270 _bTamil Nadu
_aVasantha Nagar, Madurai
_e625003
300 _a198p.
_c22cm(pb)
942 _2ddc
_cEN
_mMOH
_h004